000
00246nam a2200109Ia 4500
008
240625s9999 xx 000 0 und d
041
_a
eng
082
_a
332.1 KES
100
_a
KESTER W CARL
245
_a
CASE PROBLEMS IN FINANCE
260
_c
2007
999
_c
38191
_d
38191